Kto zahryzne do modrého jablka
V máji 2004 sa Slovensko stane súčasťou Európskej únie. Financie, ktoré EÚ investuje do svojho rozšírenia. Čo nás čaká po pozvánke. Nová etika podnikateľov. Stručný historický prehľad rozširovania EÚ. Maastrichtská zmluva a tzv. konvergenčné kritériá na vstup do Európskej menovej únie. Koľko eur na...
Na minha lista:
| Autor principal: | |
|---|---|
| Formato: | Capítulo de Livro |
| Idioma: | eslovaco |
| Assuntos: | |
| Tags: |
Sem tags, seja o primeiro a adicionar uma tag!
|
MARC
| LEADER | 00000naa a2200000 4500 | ||
|---|---|---|---|
| 001 | r047667 | ||
| 005 | 20230920090407.5 | ||
| 041 | 0 | |a slo | |
| 044 | |a SK | ||
| 245 | 1 | 0 | |a Kto zahryzne do modrého jablka |c Alexander Sotník |
| 520 | |a V máji 2004 sa Slovensko stane súčasťou Európskej únie. Financie, ktoré EÚ investuje do svojho rozšírenia. Čo nás čaká po pozvánke. Nová etika podnikateľov. Stručný historický prehľad rozširovania EÚ. Maastrichtská zmluva a tzv. konvergenčné kritériá na vstup do Európskej menovej únie. Koľko eur na obyvateľa získajú noví členovia EÚ v rokoch 2004-2006. | ||
| 610 | 2 | 0 | |a Slovensko |
| 610 | 2 | 0 | |a integrácia ekonomická medzinárodná |
| 610 | 2 | 0 | |a Európska únia |
| 610 | 2 | 0 | |a história |
| 610 | 2 | 0 | |a únie menové |
| 610 | 2 | 0 | |a financie |
| 610 | 2 | 0 | |a podnikatelia |
| 610 | 2 | 0 | |a etika podnikateľská |
| 100 | 1 | |a Sotník, Alexander | |